LEADER 01685nam1-2200457---450- 001 990001159070203316 005 20060711145656.0 035 $a000115907 035 $aUSA01000115907 035 $a(ALEPH)000115907USA01 035 $a000115907 100 $a20030627d--------km-y0itaa0103----ba 101 0 $aita 102 $aIT 105 $aa|||z|||001yy 200 1 $aScultura antica e reimpiego in Italia meridionale$fLuigi Todisco 210 $aBari$cEdipuglia 215 $av.$cill.$d24 cm 225 2 $aDocumenti e studi$fCollana del Dipartimento di Scienze dell'antichità dell'Università di Bari$iSezione storica 410 0$12001$aDocumenti e studi$fCollana del Dipartimento di Scienze dell'antichità dell'Università di Bari$iSezione storica 463 \1$1001990001153780203316$12001 $a<<2. :>> Puglia Basilicata 463 \1$1001990002777720203316$12001 $a<<1. :>> Puglia, Basilicata, Campania 606 0 $aSculture classiche$yItalia meridionale 676 $a733 700 1$aTODISCO,$bLuigi$0284137 801 0$aIT$bsalbc$gISBD 912 $a990001159070203316 951 $aX A Coll. 61$bL.M.$cX A Coll. 951 $aI S TOD 2/$bDBC$cI S 959 $aBK 969 $aUMA 979 $aMARIA$b10$c20030627$lUSA01$h1252 979 $aPAOLA$b90$c20031015$lUSA01$h1606 979 $aPAOLA$b90$c20031015$lUSA01$h1608 979 $aPAOLA$b90$c20031015$lUSA01$h1612 979 $aPAOLA$b90$c20031015$lUSA01$h1614 979 $aPAOLA$b90$c20031015$lUSA01$h1807 979 $aPATRY$b90$c20040406$lUSA01$h1721 979 $aDBC$b90$c20060711$lUSA01$h1456 996 $aScultura antica e reimpiego in Italia meridionale$9824337 997 $aUNISA LEADER 01180nam0 22002771i 450 001 SUN0027610 005 20041112120000.0 100 $a20041112d1989 |0itac50 ba 101 $aita 102 $aIT 105 $a|||| ||||| 200 1 $aArnolfo di Cambio e la fontana di Perugia Pedis platee$epercorsi umbri del maestro di Colle Val d'Elsa$fGustavo Cuccini 210 $aPerugia$cGuerra$dstampa 1989 215 $a252 p.$cill.$d22 cm. 606 $aArnolfo : di#Cambio$xScultura$xPerugia$2FI$3SUNC012361 606 $aPerugia$xFontana Maggiore$2FI$3SUNC012362 620 $dPerugia$3SUNL000077 676 $a730.924$v21 700 1$aCuccini$b, Gustavo$3SUNV022963$0728513 712 $aGuerra$3SUNV001487$4650 801 $aIT$bSOL$c20181109$gRICA 912 $aSUN0027610 950 $aBIBLIOTECA DEL DIPARTIMENTO DI ARCHITETTURA E DISEGNO INDUSTRIALE$d01 PREST IAb55 $e01 1143 995 $aBIBLIOTECA DEL DIPARTIMENTO DI ARCHITETTURA E DISEGNO INDUSTRIALE$bIT-CE0107$h1143$kPREST IAb55$op$qa 996 $aArnolfo di Cambio e la fontana di Perugia Pedis platee$91431419 997 $aUNICAMPANIA LEADER 00946nam--2200349---450- 001 990003527930203316 005 20110511102302.0 035 $a000352793 035 $aUSA01000352793 035 $a(ALEPH)000352793USA01 035 $a000352793 100 $a20110511d1992----km-y0itay50------ba 101 $aita 102 $aIT 105 $a||||||||001yy 200 1 $aAntiche vie$ela formazione umana dell'Emilia-Romagna$f[Regione Emilia-Romagna] 210 $aVenezia$cMarsilio$d1992 215 $a94 p.$cill.$d29 cm 410 0$12001 454 1$12001 461 1$1001-------$12001 606 0 $aEmilia Romagna$xStoria [e] Archeologia$2BNCF 676 $a914 710 02$aRegione Emilia-Romagna$040146 801 0$aIT$bsalbc$gISBD 912 $a990003527930203316 951 $aHL E 2$b2948 DSA 959 $aBK 969 $aDSA 979 $aDSA$b90$c20110511$lUSA01$h1023 996 $aAntiche vie$91113302 997 $aUNISA